000 00639nam a2200217 i 4500
001 115524
003 ES-MaACL
007 t|
008 070314q1922 sp ||||1| spa d
080 _a621.352
100 1 _aVillaverde, Francisco.
_9115176
245 1 0 _aPilas eléctricas /
_cpor Francisco Villaverde.
250 _a2ª ed.
260 _aMadrid :
_bCalpe,
_c[1922?]
300 _a152 p. :
_bil. ;
_c17 cm.
490 1 _aBiblioteca del electricista práctico ;
_v3
650 1 4 _aPilas eléctricas.
_915999
830 0 _aBiblioteca del electricista práctico ;
_v3
_9186267
852 _aES-MaACL
_jB-3736
999 _c115524
_d115524